Dạy học theo chuẩn kiến thức, kĩ năng môn hóa học 12 Định hướng dạy học theo chuẩn kiến thức, kĩ năng. Thiết kế bài học theo chuẩn kiến thức, kĩ năng

Hướng dẫn tổ chức hoạt động dạy học các bài học trong sách giáo khoa hoá học lớp 12 theo chuẩn kiến thức, kĩ năng và một số đề kiểm tra đánh giá kết quả học tập của học sinh

সংরক্ষণ করুন:
গ্রন্থ-পঞ্জীর বিবরন
অন্যান্য লেখক: Vũ Anh Tuấn, Nguyễn Thị Sửu (ch.b.), Phạm Hồng Bắc, Ngô Uyên Minh
বিন্যাস: গ্রন্থ
ভাষা:Vietnamese
প্রকাশিত: H. Đại học Sư phạm 2010
বিষয়গুলি:
ট্যাগগুলো: ট্যাগ যুক্ত করুন
কোনো ট্যাগ নেই, প্রথমজন হিসাবে ট্যাগ করুন!
Thư viện lưu trữ: Mạng thư viện Đại học Đà Nẵng
LEADER 01905aam a22004218a 4500
001 000023116
003 19565
005 20150529150519.0
008 150529s2010 viesd
020 |c 54000đ  |d 2000b 
041 0 |a vie 
082 1 4 |2 14  |a 540.712  |b Day 
245 0 0 |a Dạy học theo chuẩn kiến thức, kĩ năng môn hóa học 12  |b Định hướng dạy học theo chuẩn kiến thức, kĩ năng. Thiết kế bài học theo chuẩn kiến thức, kĩ năng  |c Nguyễn Thị Sửu (ch.b.) ; Vũ Anh Tuấn, Phạm Hồng Bắc, Ngô Uyên Minh 
246 |a Dạy học theo chuẩn kiến thức, kỹ năng môn hóa học 12 
260 |a H.  |b Đại học Sư phạm  |c 2010 
300 |a 272 tr.  |b bảng, sơ đồ  |c 24 cm. 
504 |a Thư mục đầu sách 
520 |a Hướng dẫn tổ chức hoạt động dạy học các bài học trong sách giáo khoa hoá học lớp 12 theo chuẩn kiến thức, kĩ năng và một số đề kiểm tra đánh giá kết quả học tập của học sinh 
650 0 4 |2 Bộ TK TVQG  |a Hóa học  |x Dạy và học 
650 0 4 |2 Bộ TK TVQG  |a Hóa học  |x Giáo dục trung học 
650 7 |2 Bộ TK TVQG 
653 |a Hóa học 
653 |a Phương pháp giảng dạy 
655 7 |2 Bộ TK TVQG  |a Sách giáo viên 
700 1 |a Vũ Anh Tuấn 
700 1 |a Nguyễn Thị Sửu  |e ch.b. 
700 1 |a Phạm Hồng Bắc 
700 1 |a Ngô Uyên Minh 
OWN |a LSP 
AVA |a UDN50  |b LSP  |d 540.712 Day  |e check_holdings  |t Error 5003 Not defined in file expand_doc_bib_avail.  |h N  |k 1 
999 |a From the UDN01 
AVA |a UDN50  |b LSP  |d 540.712 Day  |e available  |t Error 5001 Not defined in file expand_doc_bib_avail.  |f 20  |g 0  |h N  |i 4  |k 1 
TYP |a Monograph 
TYP |a Printed language 
980 |a Mạng thư viện Đại học Đà Nẵng